Markets (Record no. 83720)
[ view plain ]
| 000 -LEADER | |
|---|---|
| fixed length control field | 01039cab a22002055a 4500 |
| 001 - CONTROL NUMBER | |
| control field | L154826 |
| 008 - FIXED-LENGTH DATA ELEMENTS--GENERAL INFORMATION | |
| fixed length control field | 120123e20120113xxk 000 0 eng d |
| 035 ## - SYSTEM CONTROL NUMBER | |
| System control number | (Sirsi) u154826 |
| 041 0# - LANGUAGE CODE | |
| Language code of text/sound track or separate title | eng |
| 100 1# - MAIN ENTRY--PERSONAL NAME | |
| Personal name | Eade, Christine |
| 245 00 - TITLE STATEMENT | |
| Title | Markets |
| Remainder of title | Devon and Cornwall |
| 260 ## - PUBLICATION, DISTRIBUTION, ETC. | |
| Date of publication, distribution, etc. | 2012 |
| 490 #0 - SERIES STATEMENT | |
| Series statement | Property Week |
| Volume/sequential designation | 78(02) 13 January 2012, 39-44(4) |
| 520 ## - SUMMARY, ETC. | |
| Summary, etc. | Local authority action finally bring buyers to the plethora of new holiday flat schemes which are empty in Cornish resorts. The west side of Plymouth's crumbling city centre could be revived by Morrisons' development of a supermarket on the 3.25 acre Colin Campbell Court site. Cornish Pirates rugby union team has signed a 10-year lease on a new 10 000-seater stadium in Truro. Land Securities' plans to open the UK's first mini John Lewis in Exeter have been put into a state of flux as the future of the larger bus station site needs to be rethought. |
| 590 ## - LOCAL NOTE (RLIN) | |
| Local note | KA |
| 651 #4 - SUBJECT ADDED ENTRY--GEOGRAPHIC NAME | |
| Geographic name | Devon |
| 651 #4 - SUBJECT ADDED ENTRY--GEOGRAPHIC NAME | |
| Geographic name | Cornwall |
| 690 ## - LOCAL SUBJECT ADDED ENTRY--TOPICAL TERM (OCLC, RLIN) | |
| Topical term or geographic name as entry element | Commercial property |
| 9 (RLIN) | 6227 |
| 942 ## - ADDED ENTRY ELEMENTS (KOHA) | |
| Suppress in OPAC | 0 |
| Withdrawn status | Lost status | Source of classification or shelving scheme | Damaged status | Not for loan | Home library | Current library | Shelving location | Date acquired | Total Checkouts | Full call number | Barcode | Date last seen | Price effective from | Koha item type |
|---|---|---|---|---|---|---|---|---|---|---|---|---|---|---|
| Dewey Decimal Classification | London | London | Journal article | 22/01/2012 | L154826 | 154826-1001 | 06/08/2019 | 06/08/2019 | Journal |